000 00431nam a2200145Ia 4500
008 220217s9999||||xx |||||||||||||| ||und||
020 _a0-07-049545-9
082 _a004 SAW
100 _aWilliams, Brian, K Sawyer, Stacey, C
_93443
245 0 _aUsing information technology: A practical introduction to co
250 _a5th
260 _aTata mcgraw hill
_bNew Delhi
_c2003
300 _b295
650 _aCOMPUTER SCIENCE
999 _c171921
_d171921